MARC

LEADER 00000nam0a2200000 4500
001 337135
005 20231102004924.0
035 |a (RuTPU)RU\TPU\book\363603 
035 |a RU\TPU\book\363600 
090 |a 337135 
100 |a 20171031d1978 k y0rusy50 ca 
101 0 |a rus 
102 |a RU 
105 |a a z 001zy 
200 1 |a Пылеулавливание и очистка газов в цветной металлургии  |e сборник научных трудов  |f Государственный научно-исследовательский институт цветных металлов (Гинцветмет) ; отв. ред. Г. М. Гордон 
210 |a Москва  |c Металлургия  |d 1978 
215 |a 121 с.  |c ил. 
225 1 |a Труды государственного научно-исследовательского института цветных металлов (Гинцветмет)  |v № 44 
320 |a Библиография в конце статей 
606 1 |a Пылеулавливание в цветной металлургии  |2 stltpush  |3 (RuTPU)RU\TPU\subj\53266  |9 71582 
610 1 |a газы 
610 1 |a очистка 
610 1 |a электрофильтры 
610 1 |a пылеуловители 
610 1 |a охлаждение 
610 1 |a герметизация 
610 1 |a газообразные компоненты 
610 1 |a ионитная обработка 
610 1 |a сера 
610 1 |a ртуть 
610 1 |a автоматические измерения 
610 1 |a утилизация 
675 |a 669.2.013  |v 4 
702 1 |a Гордон  |b Г. М.  |4 340 
712 0 2 |a Государственный научно-исследовательский институт цветных металлов (Гинцветмет)  |c (Москва)  |c (1946- )  |2 stltpush  |3 (RuTPU)RU\TPU\col\8282 
801 1 |a RU  |b 63413507  |c 20171031 
801 2 |a RU  |b 63413507  |c 20171101  |g RCR 
942 |c BK